[Event "Chigorin Memorial 2019"]
[Site "St Petersburg RUS"]
[Date "2019.10.10"]
[Round "6.151"]
[White "Kalashnikov, Fedor"]
[Black "Sladkov, Andrey"]
[Result "0-1"]
[WhiteElo "1387"]
[BlackElo "1806"]
[WhiteFideId "34294031"]
[BlackFideId "24160350"]
[EventDate "2019.10.05"]

1. e4 c5 2. Nf3 a6 3. d4 cxd4 4. Nxd4 Nf6 5. Nc3 e5 6. Nb3 Bb4 7. Bd3 d5 8. exd5
Nxd5 9. Bd2 Nxc3 10. bxc3 Bd6 11. O-O O-O 12. f4 exf4 13. Bxf4 Bxf4 14. Rxf4 Qg5
15. Qf3 Nc6 16. Re1 Ne5 17. Qe4 Nxd3 18. cxd3 Bd7 19. Rff1 Bc6 20. Qe2 Rae8 21.
Qf2 Rd8 22. Nd4 Bd5 23. g3 b5 24. a3 Rc8 25. Rc1 g6 26. Qf4 Qe7 27. a4 bxa4 28.
c4 Be6 29. Nxe6 Qxe6 30. Ra1 Rfd8 31. Rf3 Qb6+ 32. Kh1 f5 33. Rxa4 Qb1+ 34. Rf1
Qxd3 35. Rxa6 Rxc4 36. Qf3 Qxf3+ 37. Rxf3 Rd2 38. Ra1 Rcc2 39. h4 Kg7 40. Kg1
Kh6 41. Kf1 Kh5 42. Rf4 Rd3 43. Rf2 Rcc3 44. Ra7 h6 0-1

[Event "Chigorin Memorial 2019"]
[Site "St Petersburg RUS"]
[Date "2019.10.10"]
[Round "6.153"]
[White "Makshanov, Matvey"]
[Black "Terman, Elizaveta"]
[Result "1-0"]
[WhiteElo "1753"]
[BlackElo "1100"]
[WhiteFideId "24218081"]
[BlackFideId "34297014"]
[EventDate "2019.10.05"]

1. e4 c6 2. d4 d5 3. f3 dxe4 4. fxe4 e6 5. Nf3 c5 6. c3 Nc6 7. d5 exd5 8. exd5
Nce7 9. c4 Nf6 10. Bd3 g6 11. O-O Bg7 12. Nc3 O-O 13. Be3 b6 14. Qd2 Bf5 15.
Rae1 Bxd3 16. Qxd3 Nf5 17. Bf4 Qc8 18. Ne5 Qb7 19. Qd2 Rad8 20. g4 Ne7 21. Bg5
Ne8 22. Bxe7 Qxe7 23. Nc6 Qd7 24. Nxd8 Qxd8 25. Re2 1-0

[Event "Chigorin Memorial 2019"]
[Site "St Petersburg RUS"]
[Date "2019.10.10"]
[Round "6.154"]
[White "Kuleshov, Dmitrii"]
[Black "Kulek, Yuri"]
[Result "1-0"]
[WhiteElo "1245"]
[BlackElo "2029"]
[WhiteFideId "24276880"]
[BlackFideId "4191684"]
[EventDate "2019.10.05"]

1. e4 Nf6 2. e5 Nd5 3. c4 Nb6 4. d4 d6 5. f4 Bf5 6. Nc3 h6 7. Be3 e6 8. Nf3 Be7
9. Qd2 O-O 10. h3 N8d7 11. O-O-O Rc8 12. g4 Bg6 13. h4 f5 14. gxf5 Bxf5 15. Qg2
d5 16. c5 Nc4 17. Bxc4 dxc4 18. Rhg1 Rf7 19. Ne2 c6 20. Ng3 Bh7 21. Nh5 Bf8 22.
f5 Bxf5 23. Bxh6 g6 24. Bxf8 Qxf8 25. Qg5 Qe7 26. Nf4 Nf8 27. h5 Qxg5 28. Nxg5
Rg7 29. hxg6 Nxg6 30. Nh5 Re8 31. Nxg7 Kxg7 32. Rdf1 Rh8 33. Rh1 Rd8 34. Rxf5 1-0

[Event "Chigorin Memorial 2019"]
[Site "St Petersburg RUS"]
[Date "2019.10.10"]
[Round "6.155"]
[White "Dunaevskaya, Alisa"]
[Black "Dudarev, Vladislav"]
[Result "0-1"]
[WhiteElo "1583"]
[BlackElo "2034"]
[WhiteFideId "54115396"]
[BlackFideId "54134862"]
[EventDate "2019.10.05"]

1. d4 Nf6 2. c4 e6 3. Nf3 b6 4. g3 Bb7 5. Bg2 d5 6. Ne5 Nbd7 7. Nc3 Bb4 8. O-O
O-O 9. Bg5 c5 10. cxd5 cxd4 11. Nxd7 Qxd7 12. dxe6 fxe6 13. Bxb7 Qxb7 14. Qxd4
Bc5 15. Qe5 Qc6 16. Bxf6 Rxf6 17. e3 Raf8 18. Qe4 Qe8 19. b4 Be7 20. a3 Qh5 21.
Rad1 a5 22. Na4 axb4 23. Nxb6 bxa3 24. Nd7 Rxf2 25. Qxe6+ Kh8 26. Rxf2 Qxd1+ 27.
Kg2 Rxf2+ 28. Kxf2 Qd6 0-1

[Event "Chigorin Memorial 2019"]
[Site "St Petersburg RUS"]
[Date "2019.10.10"]
[Round "6.156"]
[White "Ponomarev, Vsevolod"]
[Black "Kvaratskheliya, Tristan"]
[Result "1-0"]
[WhiteElo "1980"]
[BlackElo "1536"]
[WhiteFideId "24239968"]
[BlackFideId "34253637"]
[EventDate "2019.10.05"]

1. e4 e5 2. Nf3 Nc6 3. Nc3 Nf6 4. d4 exd4 5. Nxd4 Bb4 6. Nxc6 dxc6 7. Bd3 O-O 8.
O-O Re8 9. h3 Be6 10. e5 Nd7 11. f4 Nc5 12. f5 Bd5 13. Qg4 Nxd3 14. cxd3 Bf8 15.
Bg5 Be7 16. Bh6 g6 17. Rae1 Bf8 18. Bxf8 Rxf8 19. f6 Kh8 20. Qg5 Rg8 21. Rf4 Qf8
22. Rh4 Re8 23. Rf1 1-0

[Event "Chigorin Memorial 2019"]
[Site "St Petersburg RUS"]
[Date "2019.10.10"]
[Round "6.157"]
[White "Kobak, Polina"]
[Black "Nikitin, Georgy"]
[Result "1-0"]
[WhiteElo "1549"]
[BlackElo "1920"]
[WhiteFideId "24269727"]
[BlackFideId "34115959"]
[EventDate "2019.10.05"]

1. d4 d5 2. c4 e6 3. Nf3 Nf6 4. g3 dxc4 5. Bg2 Nbd7 6. O-O c6 7. a4 a5 8. Qc2 b5
9. Ne5 Nxe5 10. dxe5 Nd5 11. axb5 cxb5 12. Nc3 Nb4 13. Qd1 Bd7 14. Bxa8 Qxa8 15.
Be3 Bc6 16. f3 Be7 17. Qc1 O-O 18. h4 a4 19. Bg5 Bc5+ 20. Kg2 Qb8 21. Rd1 Ba8
22. Bf4 Nc6 23. Nxa4 bxa4 24. Qxc4 Ba7 25. Rxa4 Qxb2 26. Qa2 Qb6 27. Rf1 Bb7 28.
g4 Ra8 29. Bg3 Qd8 30. Ra1 h5 31. g5 Nb4 32. Rxb4 Bc5 33. Ra4 Rxa4 34. Qxa4 Qd2
35. Qd1 Qe3 36. Qd8+ Bf8 37. Qd3 Bxf3+ 38. Kh2 Qxe2+ 39. Qxe2 Bxe2 40. Kg2 g6
41. Kf2 Bc4 42. Ra8 1-0

[Event "Chigorin Memorial 2019"]
[Site "St Petersburg RUS"]
[Date "2019.10.10"]
[Round "6.158"]
[White "Bajaramov, Elvin"]
[Black "Nagaeva, Aliia"]
[Result "1-0"]
[WhiteElo "1881"]
[BlackElo "1542"]
[WhiteFideId "24142514"]
[BlackFideId "54152275"]
[EventDate "2019.10.05"]

1. d4 Nf6 2. Nf3 e6 3. Nbd2 d5 4. e3 c5 5. b3 Nc6 6. Bb2 Be7 7. a3 O-O 8. Bd3 b6
9. Ne5 Bb7 10. O-O Nxe5 11. dxe5 Nd7 12. f4 f5 13. exf6 Bxf6 14. Qh5 h6 15. Be5
Qe8 16. Bg6 Qe7 17. Rae1 b5 18. c4 bxc4 19. bxc4 Bxe5 20. fxe5 dxc4 21. Nxc4 Ba6
22. Rxf8+ Nxf8 23. Bd3 Rd8 24. Bf1 Nd7 25. Rd1 Nb8 26. Rd6 Rxd6 27. exd6 Qf7 28.
Qxc5 e5 29. Qc7 Qe8 30. Qxa7 1-0

[Event "Chigorin Memorial 2019"]
[Site "St Petersburg RUS"]
[Date "2019.10.10"]
[Round "6.159"]
[White "Loktionov, Kirill"]
[Black "Koltsova, Alisa"]
[Result "1-0"]
[WhiteElo "1866"]
[BlackElo "1486"]
[WhiteFideId "54120403"]
[BlackFideId "24249599"]
[EventDate "2019.10.05"]

1. d4 Nf6 2. c4 g6 3. Nc3 d5 4. cxd5 Nxd5 5. e4 Nxc3 6. bxc3 Bg7 7. Bc4 c5 8.
Ne2 O-O 9. O-O Nc6 10. Be3 Bg4 11. f3 Na5 12. Bxf7+ Rxf7 13. fxg4 Rxf1+ 14. Qxf1
Nc4 15. Qf3 Nxe3 16. Qxe3 cxd4 17. cxd4 Qb6 18. Qb3+ Qxb3 19. axb3 Rd8 20. Rxa7
Bxd4+ 21. Nxd4 Rxd4 22. Rxb7 Rxe4 23. Kf2 Kf7 24. Kf3 Re1 25. b4 Ke6 26. b5 Rb1
27. Rb8 Kf6 28. b6 Rb4 29. h4 Kg7 30. b7 Rb1 31. g5 Kf7 32. g4 Ke6 33. h5 Ke5
34. Rh8 Rxb7 35. Rxh7 gxh5 36. gxh5 Rb3+ 37. Ke2 Kf5 38. Rg7 Rh3 39. h6 e5 40.
h7 Ke4 41. g6 Rh2+ 42. Kf1 Kf3 43. Rf7+ Kg3 44. Rf8 1-0

[Event "Chigorin Memorial 2019"]
[Site "St Petersburg RUS"]
[Date "2019.10.10"]
[Round "6.160"]
[White "Novozhilov, Semen"]
[Black "Starkov, Alexandr"]
[Result "1-0"]
[WhiteElo "1786"]
[BlackElo "1453"]
[WhiteFideId "24289167"]
[BlackFideId "54146763"]
[EventDate "2019.10.05"]

1. d4 Nf6 2. Nf3 g6 3. Nc3 Bg7 4. e4 d6 5. Be3 c6 6. Qd2 Ng4 7. Bg5 h6 8. Bh4
Nd7 9. h3 Ngf6 10. e5 dxe5 11. dxe5 Nh7 12. e6 fxe6 13. Bd3 O-O 14. Bxg6 Ndf6
15. Qe2 Nd5 16. O-O Nf4 17. Qe4 Nxg6 18. Qxg6 Qe8 19. Qg3 Kh8 20. Ne5 Bxe5 21.
Qxe5+ Nf6 22. Ne4 Qg6 23. Rad1 Qf5 24. Qxf5 exf5 25. Nxf6 exf6 26. Rd6 Kg7 27.
f4 c5 28. Rf3 b6 29. Rg3+ Kh7 30. Bxf6 Rg8 31. Re3 h5 32. Re7+ Kh6 33. Bg5# 1-0

[Event "Chigorin Memorial 2019"]
[Site "St Petersburg RUS"]
[Date "2019.10.10"]
[Round "6.161"]
[White "Kulnev, Aleksandr"]
[Black "Nikitin, Vladimir"]
[Result "0-1"]
[WhiteElo "1536"]
[BlackElo "1821"]
[WhiteFideId "54157544"]
[BlackFideId "24184187"]
[EventDate "2019.10.05"]

1. e4 d6 2. d4 g6 3. Nc3 Bg7 4. f4 c6 5. Nf3 Qb6 6. Bc4 Nh6 7. a4 a5 8. h3 Na6
9. b3 Bd7 10. Bb2 Nb4 11. Na2 d5 12. exd5 Nxd5 13. Bxd5 cxd5 14. Nc3 Nf5 15. Ne2
Rc8 16. Qd2 Nd6 17. Nc3 Nf5 18. Ne2 O-O 19. O-O Nd6 20. Nc3 e6 21. Ne5 Rfd8 22.
Ba3 Qc7 23. Rf3 Ne4 24. Nxe4 dxe4 25. Re3 Qxc2 26. Qxa5 Bxe5 27. Qxe5 Bc6 28.
Be7 Rd5 29. Qf6 Qd2 30. Rae1 Qxd4 31. Qh4 Rh5 32. Qf2 Rc7 33. g4 Ra5 34. Qh4 f5
35. Bd8 Qd7 36. Qf6 Bd5 37. Bxc7 Qxc7 38. Rc3 Qb6+ 39. Ree3 Rc5 40. Qd4 Rc6 41.
Qxb6 Rxb6 42. Kf2 Bc6 43. Re2 Rb4 44. Rec2 Kf7 45. Ke3 Ke7 46. Rd2 Bd5 47. Rc7+
Kd6 48. Rxh7 Rxb3+ 49. Ke2 e5 50. gxf5 gxf5 51. Rh6+ Kc5 52. fxe5 Bc4+ 53. Ke1
e3 54. Rd1 Rb2 55. Rh8 Ba6 56. Rc8+ Kb4 57. Ra8 Re2+ 58. Kf1 Rh2+ 59. Kg1 Rxh3
60. Rxa6 bxa6 61. e6 e2 62. Rb1+ Kxa4 63. Kf2 f4 64. Rb2 f3 65. Rb1 Rh6 66. Kxf3
Rxe6 67. Re1 Kb3 68. Rxe2 Rxe2 69. Kxe2 a5 70. Kd2 Kb2 0-1

[Event "Chigorin Memorial 2019"]
[Site "St Petersburg RUS"]
[Date "2019.10.10"]
[Round "6.162"]
[White "Laukhina, Margarita A."]
[Black "Mirzoyan, Samvel"]
[Result "1-0"]
[WhiteElo "1770"]
[BlackElo "1203"]
[WhiteFideId "54192730"]
[BlackFideId "34338063"]
[EventDate "2019.10.05"]

1. e4 e6 2. d4 d5 3. Bd3 Nf6 4. e5 Nfd7 5. f4 c5 6. c3 Nc6 7. Ne2 Qb6 8. Bc2
cxd4 9. cxd4 f6 10. Nbc3 Be7 11. Na4 Qa5+ 12. Bd2 Bb4 13. Nac3 fxe5 14. fxe5 O-O
15. a3 Bxc3 16. Bxc3 Qd8 17. Qd3 Qh4+ 18. g3 Qe4 19. Qxe4 dxe4 20. Bxe4 Nb6 21.
O-O-O Rf2 22. Nf4 Bd7 23. Be1 Rxf4 24. gxf4 Rf8 25. Bg3 Na5 26. Kb1 Ba4 27. Bc2
Bc6 28. Rhe1 Nd5 29. Be4 Nxf4 30. Bxf4 Rxf4 31. Bxc6 bxc6 32. Rf1 Rh4 33. Rf2
Nc4 34. Rd3 Nb6 35. Rc2 Nd5 36. Rxc6 Rxh2 37. Rf3 h6 38. Rxe6 1-0

[Event "Chigorin Memorial 2019"]
[Site "St Petersburg RUS"]
[Date "2019.10.10"]
[Round "6.163"]
[White "Borisenko, Ekaterina"]
[Black "Bugaev, Anton"]
[Result "1/2-1/2"]
[WhiteElo "1442"]
[BlackElo "1758"]
[WhiteFideId "34276416"]
[BlackFideId "54176085"]
[EventDate "2019.10.05"]

1. e4 c5 2. Nf3 d6 3. d4 cxd4 4. Nxd4 Nf6 5. Nc3 g6 6. Be3 Bg7 7. f3 O-O 8. Qd2
Nc6 9. O-O-O d5 10. Kb1 Nxd4 11. e5 Nf5 12. exf6 Bxf6 13. Nxd5 Be6 14. Nxf6+
exf6 15. Qxd8 Rfxd8 16. Rxd8+ Rxd8 17. Bc1 Rd1 18. g4 Nh4 19. Bg2 Rxh1 20. Bxh1
Bd5 21. b4 Bxf3 22. Bxf3 Nxf3 23. Bf4 Nd4 24. c4 a6 25. a4 h5 26. gxh5 g5 27.
Be3 Ne6 28. b5 f5 29. c5 axb5 30. axb5 f4 31. Bf2 Kh7 32. Kc2 Kh6 33. Kd2 Kxh5
34. h3 f5 35. c6 bxc6 36. bxc6 Nc7 37. Bb6 Ne8 38. Bf2 g4 39. hxg4+ fxg4 40. Ke1
g3 41. Bb6 Kg4 42. Kf1 f3 43. Bc5 Kh3 44. Kg1 Nc7 45. Bb6 Nd5 46. Bc5 Kg4 47.
Ba7 Kh3 1/2-1/2

[Event "Chigorin Memorial 2019"]
[Site "St Petersburg RUS"]
[Date "2019.10.10"]
[Round "6.166"]
[White "Chereshkevich, Yuri"]
[Black "Gusev, Mikhail"]
[Result "1/2-1/2"]
[WhiteElo "1478"]
[BlackElo "1635"]
[WhiteFideId "34282882"]
[BlackFideId "34270140"]
[EventDate "2019.10.05"]

1. e3 Nf6 2. d4 c5 3. Nf3 cxd4 4. exd4 d5 5. Bd3 g6 6. b3 Bg7 7. Bb2 O-O 8. O-O
Nc6 9. c3 Nh5 10. Re1 Nf4 11. Bf1 Bf5 12. Bc1 Nh5 13. Na3 Nf6 14. Qe2 Ne4 15.
Bb2 a6 16. Nc2 Qa5 17. Ne3 Be6 18. c4 Nf6 19. c5 b6 20. Rec1 Ne4 21. Nc4 dxc4
22. Qxe4 Nb4 23. a3 Nd3 24. Bxd3 cxd3 25. Qxd3 bxc5 26. Rxc5 Qb6 27. b4 Bf5 28.
Qe2 Rfd8 29. Rac1 Bg4 30. Qe4 Bxf3 31. Qxf3 a5 32. b5 Rab8 33. Qe3 Qd6 34. h3
Bxd4 35. Bxd4 Qxd4 36. Qxe7 Re8 37. Qc7 a4 38. b6 Qb2 39. Rc6 Kg7 40. R1c3 Qb5 1/2-1/2

[Event "Chigorin Memorial 2019"]
[Site "St Petersburg RUS"]
[Date "2019.10.10"]
[Round "6.168"]
[White "Koroleva, Mariya"]
[Black "Shceglov, Mikhail"]
[Result "0-1"]
[WhiteElo "1355"]
[BlackElo "1590"]
[WhiteFideId "34276424"]
[BlackFideId "44164130"]
[EventDate "2019.10.05"]

1. e4 c5 2. Nf3 d6 3. d4 cxd4 4. Nxd4 Nf6 5. Nc3 Nc6 6. f3 e6 7. Be3 Be7 8. Qd2
a6 9. O-O-O O-O 10. g4 Nxd4 11. Bxd4 b5 12. Bxf6 gxf6 13. Ne2 Bd7 14. h4 Kh8 15.
f4 Bc6 16. Bg2 Qc7 17. Nd4 Bb7 18. g5 Rfd8 19. h5 fxg5 20. fxg5 Qc5 21. e5 Bxg2
22. Qxg2 Qxe5 23. Nc6 Qxg5+ 24. Qxg5 Bxg5+ 25. Kb1 Rdc8 26. Rxd6 Bf4 27. Rd4
Rxc6 28. Rxf4 f5 29. h6 Rd6 30. c3 Rf8 31. Rh5 Rf6 32. Rd4 Rxd4 33. cxd4 Kg8 34.
Rg5+ Rg6 35. Rh5 Kf7 36. d5 f4 37. Re5 f3 38. dxe6+ Rxe6 39. Rg5 f2 0-1

[Event "Chigorin Memorial 2019"]
[Site "St Petersburg RUS"]
[Date "2019.10.10"]
[Round "6.169"]
[White "Oleinik, Egor"]
[Black "Lezin, Aleksandr"]
[Result "1/2-1/2"]
[WhiteElo "1575"]
[BlackElo "1307"]
[WhiteFideId "14158469"]
[BlackFideId "54147239"]
[EventDate "2019.10.05"]

1. e4 d5 2. exd5 Nf6 3. Nf3 Qxd5 4. Nc3 Qa5 5. d4 Bf5 6. Bd3 Bxd3 7. Qxd3 Nc6 8.
O-O O-O-O 9. Bf4 g5 10. Nxg5 Rxd4 11. Qh3+ Kb8 12. Be3 Rg4 13. Nxf7 Rhg8 14. g3
Qf5 15. Qg2 Nh5 16. Nh6 Bxh6 17. Bxh6 Ne5 18. Rfd1 Nf3+ 19. Kh1 c6 20. Rd3 Ne5
21. Rd2 R8g6 22. Be3 Nf3 23. Rd3 Rh4 24. Bxa7+ Kxa7 25. Qxf3 Qxf3+ 26. Rxf3 Rd4
27. Rd3 Rb4 28. b3 Rf6 29. Kg2 Rg4 30. Kf1 Rfg6 31. f3 R4g5 32. Kf2 Nf6 33. Ne4
Nxe4+ 34. fxe4 Rh5 35. h4 Re5 36. Re1 Rc5 37. c4 Rf6+ 38. Ke2 Re5 39. Re3 Rfe6
40. Kd2 Rf6 41. Ke2 1/2-1/2

[Event "Chigorin Memorial 2019"]
[Site "St Petersburg RUS"]
[Date "2019.10.10"]
[Round "6.170"]
[White "Kotlyar, Anfisa"]
[Black "Panchenko, Sergey"]
[Result "0-1"]
[WhiteElo "1118"]
[BlackElo "1465"]
[WhiteFideId "24216291"]
[BlackFideId "54158354"]
[EventDate "2019.10.05"]

1. e4 Nf6 2. Nc3 d5 3. exd5 Nxd5 4. Nxd5 Qxd5 5. Qf3 Qc6 6. Qxc6+ Nxc6 7. c3 Bf5
8. d4 e6 9. Bf4 Bd6 10. Bxd6 cxd6 11. O-O-O d5 12. Bd3 Bg6 13. Bxg6 hxg6 14. Nf3
Rc8 15. Ne5 Ne7 16. h3 Ng8 17. Ng4 Ne7 18. Ne3 b6 19. Kd2 Nf5 20. Ng4 Rh4 21.
Ne3 Nd6 22. Ng4 Ke7 23. Ke3 Nc4+ 24. Ke2 Nxb2 25. Rc1 Rhh8 26. Ne3 Rc7 27. Rc2
Na4 28. Rhc1 Rhc8 29. Kd3 b5 30. f3 a6 31. f4 Nb6 32. Rb1 Rb7 33. Re2 Rbc7 34.
Rc2 Nd7 35. Re1 Kf8 36. g4 f5 37. g5 Kf7 38. h4 Rh8 39. Rh2 Nb6 40. Ree2 0-1

[Event "Chigorin Memorial 2019"]
[Site "St Petersburg RUS"]
[Date "2019.10.10"]
[Round "6.174"]
[White "Tsapalin, Sergey"]
[Black "Lekhtonen, Yaroslav"]
[Result "1/2-1/2"]
[WhiteElo "1932"]
[BlackElo "1716"]
[WhiteFideId "4107071"]
[BlackFideId "24269484"]
[EventDate "2019.10.05"]

1. d4 d5 2. c4 e6 3. Nc3 c6 4. e4 dxe4 5. Nxe4 Bb4+ 6. Nc3 c5 7. Nf3 Nf6 8. Be3
Nc6 9. Qd3 O-O 10. O-O-O cxd4 11. Nxd4 Bc5 12. Nxc6 Qxd3 13. Rxd3 Bxe3+ 14. fxe3
bxc6 15. Be2 Nd7 16. Rd6 Ne5 17. Rhd1 c5 18. Na4 Bb7 19. g3 Rac8 20. b3 g5 21.
Nb2 Be4 22. Ra6 Rc7 23. Na4 g4 24. Rdd6 Bf3 25. Kd2 Rfc8 26. Nc3 Rc6 27. Raxc6
Rxc6 28. Rxc6 Bxc6 29. e4 Kf8 30. Ke3 h5 31. a3 a5 32. Nd1 f6 1/2-1/2

[Event "Chigorin Memorial 2019"]
[Site "St Petersburg RUS"]
[Date "2019.10.11"]
[Round "7.3"]
[White "Khismatullin, Denis"]
[Black "Sivuk, Vitaly"]
[Result "0-1"]
[WhiteTitle "GM"]
[BlackTitle "GM"]
[WhiteElo "2611"]
[BlackElo "2559"]
[WhiteFideId "4142578"]
[BlackFideId "14116502"]
[EventDate "2019.10.05"]

1. c4 Nf6 2. Nc3 g6 3. e4 d6 4. d4 Bg7 5. Be2 O-O 6. Nf3 e5 7. O-O c6 8. Re1
exd4 9. Nxd4 Re8 10. Bf1 Nbd7 11. Nb3 a5 12. Rb1 a4 13. Nd4 Nc5 14. f3 Nfd7 15.
Be3 Qa5 16. Qd2 Nf8 17. g3 h5 18. Bf2 Nfd7 19. h3 Ne5 20. f4 Ned7 21. b4 axb3
22. axb3 Qb4 23. e5 dxe5 24. Nc2 Nxb3 25. Qe3 Qc5 26. Rxb3 Qxe3 27. Rxe3 Nc5 28.
Rb2 Bf5 29. fxe5 Rad8 30. Na3 Bxe5 31. Nab1 f6 32. Rd2 Nb3 33. Rxd8 Rxd8 34. Nd5
cxd5 35. Rxb3 dxc4 36. Bxc4+ Kh8 37. Be2 Bxh3 38. Rxb7 Bf5 39. Na3 Rd2 40. Bf3
Rd3 41. Nc4 Rxf3 42. Nxe5 fxe5 43. Rb5 e4 44. Kg2 Rd3 45. Bc5 e3 46. Rb8+ Kg7
47. Re8 Rd2+ 48. Kf1 e2+ 49. Ke1 Rd5 50. Be3 Bg4 51. Bd2 Rf5 52. Bc3+ Kf7 53.
Re3 Rf1+ 54. Kd2 g5 55. Re5 Kg6 56. Re7 Rd1+ 57. Kc2 Rg1 0-1

[Event "Chigorin Memorial 2019"]
[Site "St Petersburg RUS"]
[Date "2019.10.11"]
[Round "7.9"]
[White "Rozum, Ivan"]
[Black "Khlebovich, Alexander"]
[Result "1/2-1/2"]
[WhiteTitle "GM"]
[BlackTitle "FM"]
[WhiteElo "2596"]
[BlackElo "2398"]
[WhiteFideId "24104272"]
[BlackFideId "4169123"]
[EventDate "2019.10.05"]

1. c4 c5 2. Nf3 Nc6 3. d4 cxd4 4. Nxd4 Nf6 5. Nc3 e6 6. a3 Bc5 7. Nb3 Bb6 8. c5
Bc7 9. g3 O-O 10. Bg2 b6 11. O-O Rb8 12. Nb5 bxc5 13. Nxc7 Qxc7 14. Nxc5 d6 15.
Nd3 Na5 16. b4 Nc4 17. Bg5 Qe7 18. Qc1 Ba6 19. a4 d5 20. Qf4 h6 21. Bxf6 Qxf6
22. Qxf6 gxf6 23. Rfc1 Rfc8 24. Nc5 Rxb4 25. Nxa6 Rb6 26. e4 Rxa6 27. exd5 Ra5
28. Rd1 Nb6 29. dxe6 fxe6 30. Rd6 Kf7 31. Bh3 Re8 32. Rc1 Re7 33. Rcc6 f5 34.
Bf1 Rxa4 35. Be2 Ra5 36. Bf3 Ra4 37. Be2 Ra5 38. Bf3 Ra4 1/2-1/2

[Event "Chigorin Memorial 2019"]
[Site "St Petersburg RUS"]
[Date "2019.10.11"]
[Round "7.10"]
[White "Korchmar, Vasiliy"]
[Black "Kovalenko, Igor"]
[Result "1/2-1/2"]
[WhiteTitle "IM"]
[BlackTitle "GM"]
[WhiteElo "2432"]
[BlackElo "2674"]
[WhiteFideId "24131750"]
[BlackFideId "14117908"]
[EventDate "2019.10.05"]

1. d4 g6 2. e4 Bg7 3. Nc3 d6 4. f4 Nf6 5. Nf3 O-O 6. Bd3 Nc6 7. O-O e5 8. dxe5
dxe5 9. f5 Nb4 10. Bg5 Nxd3 11. cxd3 h6 12. Bh4 gxf5 13. d4 exd4 14. Nxd4 Re8
15. Nxf5 Qxd1 16. Raxd1 Bxf5 17. Rxf5 Nxe4 18. Rd7 Nd6 19. Rf3 Re5 20. Rxc7 Nf5
21. Bf2 b6 22. Rd7 h5 23. g3 Nh6 24. h3 Ra5 25. Nd5 Bxb2 26. Be3 Bg7 27. g4 hxg4
28. hxg4 Rxd5 29. Rxd5 Nxg4 30. Rg5 Nxe3 31. Rfg3 Nf5 32. Rxf5 Kf8 33. Rfg5 Bd4+
34. Kf1 Ke7 35. Rg8 Rxg8 36. Rxg8 f5 37. Rg6 f4 38. Ke2 a6 39. Kf3 Be3 40. Ke4
Kd7 41. Rf6 Ke7 42. Rc6 Kd7 43. Rg6 Kc7 44. Rf6 Kb7 45. a4 b5 46. axb5 axb5 47.
Kd5 Kc7 48. Rxf4 Bxf4 49. Kc5 1/2-1/2

[Event "Chigorin Memorial 2019"]
[Site "St Petersburg RUS"]
[Date "2019.10.13"]
[Round "9.6"]
[White "Korchmar, Vasiliy"]
[Black "Kryakvin, Dmitry"]
[Result "1/2-1/2"]
[WhiteTitle "IM"]
[BlackTitle "GM"]
[WhiteElo "2432"]
[BlackElo "2610"]
[WhiteFideId "24131750"]
[BlackFideId "4153278"]
[EventDate "2019.10.05"]

1. d4 Nf6 2. c4 e6 3. Nc3 Bb4 4. Qc2 d6 5. Nf3 Nbd7 6. a3 Bxc3+ 7. Qxc3 b6 8. e3
a5 9. b3 Bb7 10. Be2 O-O 11. O-O Ne4 12. Qc2 f5 13. Bb2 Qe7 14. d5 e5 15. Nd2
Nxd2 16. Qxd2 Nc5 17. Qc2 Qd7 18. f3 Rf7 19. b4 Na4 20. Bc1 axb4 21. axb4 b5 22.
cxb5 Nb6 23. Rxa8+ Bxa8 1/2-1/2